[Event "Targu Mures op"]
[Site "Targu Mures"]
[Date "2021.07.22"]
[Round "3"]
[White "Kutnik, Alexandru"]
[Black "Ognean, Mihnea Ionut"]
[Result "0-1"]
[WhiteElo "1978"]
[BlackElo "2257"]
[PlyCount "60"]
[EventDate "2021.07.21"]
[EventType "swiss"]
[EventRounds "7"]
[EventCountry "ROU"]
[SourceTitle "CBM 203 Extra"]
[Source "ChessBase"]
[SourceDate "2021.09.30"]
[SourceVersion "1"]
[SourceVersionDate "2021.09.30"]
[SourceQuality "1"]

1. d4 Nf6 2. Nc3 d5 3. Bg5 Nbd7 4. e3 g6 5. Qf3 c6 6. 0-0-0 Bg7 7. Nge2 b5 8. Ng3 Nb6 9. Bxf6 Bxf6 10. e4 b4 11. Nce2 e6 12. Kb1 a5 13. e5 Be7 14. Nc1 Ba6 15. Nge2 c5 16. dxc5 Bxc5 17. Nb3 Be7 18. Nbd4 Qc7 19. Nf4 Bxf1 20. Rhxf1 Nc4 21. Ndxe6 fxe6 22. Nxe6 Qxe5 23. Nd4 Ra6 24. b3 Rf6 25. Qh3 Na3+ 26. Kb2 0-0 27. Rfe1 Qc7 28. Re2 Rxf2 29. Qe6+ Kh8 30. c4 bxc3+ 0-1

[Event "Satu Mare Szabo Memorial"]
[Site "Satu Mare"]
[Date "2019.08.07"]
[Round "8"]
[White "Kutnik, Alexandru"]
[Black "Szegedy, Matyas"]
[Result "1-0"]
[WhiteElo "2011"]
[BlackElo "1854"]
[PlyCount "111"]
[EventDate "2019.08.02"]
[EventType "swiss"]
[EventRounds "9"]
[EventCountry "ROU"]
[SourceTitle "CBM 191 Extra"]
[Source "ChessBase"]
[SourceDate "2019.09.30"]
[SourceVersion "1"]
[SourceVersionDate "2019.09.30"]
[SourceQuality "1"]

1. Nc3 d5 2. e4 dxe4 3. Nxe4 g6 4. d4 Bg7 5. c3 Nd7 6. Nf3 Ngf6 7. Ng3 0-0 8. Bc4 Nb6 9. Bb3 c6 10. 0-0 Bg4 11. h3 Bxf3 12. Qxf3 Nbd5 13. Re1 Qd7 14. Bg5 a5 15. a3 h6 16. Bd2 e6 17. Rad1 b5 18. h4 h5 19. Bg5 Ng4 20. Ne4 Qc7 21. g3 Rfe8 22. Kg2 e5 23. dxe5 Nxe5 24. Qe2 Nb6 25. Nf6+ Bxf6 26. Bxf6 Nbd7 27. Rxd7 Qxd7 28. Bxe5 a4 29. Ba2 Kh7 30. Qf3 f5 31. c4 Rad8 32. cxb5 cxb5 33. Bc3 Rxe1 34. Bxe1 Re8 35. Bc3 Re4 36. Bb1 Re8 37. Bd3 Rd8 38. Bf1 Rc8 39. Kh2 Rc5 40. Qa8 Rc8 41. Bxb5 Rxa8 42. Bxd7 Kg8 43. Be6+ Kf8 44. Bb4+ Ke8 45. Kg2 Ra6 46. Bc4 Ra7 47. Kf3 Kd7 48. Bb5+ Kc7 49. Kf4 Kb6 50. Be8 Rg7 51. Kg5 Rg8 52. Bxa4 Kc7 53. Bb3 Rg7 54. Be6 Kd8 55. Kf6 Rb7 56. Kxg6 1-0

[Event "Satu Mare Szabo Memorial"]
[Site "Satu Mare"]
[Date "2019.08.04"]
[Round "3"]
[White "Torzsas, Ludovic"]
[Black "Kutnik, Alexandru"]
[Result "1-0"]
[WhiteElo "1755"]
[BlackElo "2011"]
[PlyCount "119"]
[EventDate "2019.08.02"]
[EventType "swiss"]
[EventRounds "9"]
[EventCountry "ROU"]
[SourceTitle "CBM 191 Extra"]
[Source "ChessBase"]
[SourceDate "2019.09.30"]
[SourceVersion "1"]
[SourceVersionDate "2019.09.30"]
[SourceQuality "1"]

1. Nf3 g6 2. g3 b6 3. Bg2 Bb7 4. 0-0 c5 5. c4 Bg7 6. Nc3 Nf6 7. d4 cxd4 8. Nxd4 Bxg2 9. Kxg2 Qc7 10. b3 Nc6 11. Bb2 0-0 12. Rc1 Qb7 13. Kg1 Rfd8 14. Nxc6 dxc6 15. Qc2 e6 16. Rcd1 c5 17. h3 h5 18. Rxd8+ Rxd8 19. Rd1 Rxd1+ 20. Qxd1 Qb8 21. Nb5 Ne4 22. Bxg7 Kxg7 23. Qd3 Nf6 24. Qd6 Qxd6 25. Nxd6 a6 26. f4 Nd7 27. Kf2 Kf8 28. Ne4 Ke7 29. Ke3 f5 30. Nc3 Kd6 31. Kf3 Nb8 32. e4 Nc6 33. e5+ Kc7 34. Ke3 Nd4 35. Ne2 Nc2+ 36. Kd2 Nb4 37. a3 Nc6 38. Kc3 b5 39. b4 Kb6 40. Nc1 a5 41. bxc5+ Kxc5 42. Nb3+ Kb6 43. cxb5 Kxb5 44. a4+ Kb6 45. Kc4 Nd8 46. Nd4 g5 47. fxg5 Nf7 48. Nf3 Kc6 49. g6 Nh6 50. Ng5 Kd7 51. h4 Ke7 52. g7 Ng8 53. Kb5 Kd7 54. Nh7 Ke7 55. Nf6 Nxf6 56. exf6+ Kf7 57. Kxa5 e5 58. Kb4 f4 59. gxf4 exf4 60. Kc4 1-0

[Event "Satu Mare Szabo Memorial"]
[Site "Satu Mare"]
[Date "2019.08.03"]
[Round "2"]
[White "Kutnik, Alexandru"]
[Black "Balla, Tamas Kristof"]
[Result "0-1"]
[WhiteElo "2011"]
[BlackElo "2336"]
[PlyCount "48"]
[EventDate "2019.08.02"]
[EventType "swiss"]
[EventRounds "9"]
[EventCountry "ROU"]
[SourceTitle "CBM 191 Extra"]
[Source "ChessBase"]
[SourceDate "2019.09.30"]
[SourceVersion "1"]
[SourceVersionDate "2019.09.30"]
[SourceQuality "1"]

1. e4 c5 2. Nf3 e6 3. c3 d5 4. exd5 exd5 5. d4 a6 6. Be3 cxd4 7. Nxd4 Nf6 8. Be2 Bd6 9. Nd2 Nc6 10. 0-0 0-0 11. Re1 Re8 12. a4 Ne5 13. h3 Bc7 14. Qc2 Ng6 15. Bg5 Qd6 16. N4f3 Nf4 17. Bf1 Bd7 18. Rad1 Qc6 19. b3 Ne4 20. Bxf4 Bxf4 21. c4 Nxf2 22. Rc1 Rxe1 23. Nxe1 Qc5 24. Nef3 Nxh3+ 0-1

[Event "Arad op 12th"]
[Site "Arad"]
[Date "2019.07.30"]
[Round "8"]
[White "Kutnik, Alexandru"]
[Black "Vasiesiu, Victor"]
[Result "0-1"]
[WhiteElo "2043"]
[BlackElo "2269"]
[PlyCount "140"]
[EventDate "2019.07.24"]
[EventType "swiss"]
[EventRounds "9"]
[EventCountry "ROU"]
[SourceTitle "CBM 191 Extra"]
[Source "ChessBase"]
[SourceDate "2019.09.30"]
[SourceVersion "1"]
[SourceVersionDate "2019.09.30"]
[SourceQuality "1"]

1. e4 g6 2. d4 Bg7 3. Nc3 c6 4. Nf3 d6 5. a4 Nf6 6. h3 0-0 7. Be2 Qc7 8. Be3 e5 9. Qd2 Re8 10. dxe5 dxe5 11. a5 Nbd7 12. 0-0 Nf8 13. Bc4 Be6 14. Qe2 b5 15. axb6 axb6 16. Ng5 Bxc4 17. Qxc4 h6 18. Rxa8 Rxa8 19. Nf3 Ne6 20. Nd2 b5 21. Qe2 Nd4 22. Bxd4 exd4 23. Nd1 Re8 24. Qd3 Nd7 25. f4 Nc5 26. Qf3 Qa5 27. Rf2 Nxe4 28. Nxe4 Qe1+ 29. Rf1 Qxe4 30. Qd3 f5 31. g3 Qxd3 32. cxd3 c5 33. b3 Ra8 34. Nf2 Ra2 35. Rb1 Kf7 36. Kg2 Ke6 37. Kf3 Kd5 38. g4 Bf6 39. Kg3 Bd8 40. gxf5 gxf5 41. Re1 Bc7 42. Kf3 Bxf4 43. Re8 Bg5 44. Rf8 Ke6 45. Re8+ Kd6 46. Rf8 Bh4 47. Nh1 Rh2 48. Rh8 Bg5 49. Ng3 Rd2 50. Nxf5+ Ke5 51. Kg4 Rxd3 52. h4 Bd2 53. Re8+ Kf6 54. Rf8+ Ke6 55. Re8+ Kd7 56. Re7+ Kc6 57. Re6+ Kd5 58. Re2 Be3 59. Rb2 Rd2 60. Rb1 Rg2+ 61. Kh3 Rf2 62. Ne7+ Ke4 63. Nc8 Bf4 64. Kg4 Rg2+ 65. Kh5 d3 66. Na7 d2 67. Nxb5 Kd3 68. Na3 Re2 69. Nc4 Re1 70. Nxd2 Bxd2 0-1

[Event "ROM-ch"]
[Site "Olanesti"]
[Date "2019.03.08"]
[Round "7"]
[White "Kutnik, Alexandru"]
[Black "Vrencian, Lehel"]
[Result "1/2-1/2"]
[WhiteElo "2044"]
[BlackElo "2304"]
[PlyCount "85"]
[EventDate "2019.03.02"]
[EventType "swiss"]
[EventRounds "9"]
[EventCountry "ROU"]
[SourceTitle "CBM 189 Extra"]
[Source "ChessBase"]
[SourceDate "2019.06.03"]
[SourceVersion "1"]
[SourceVersionDate "2019.06.03"]
[SourceQuality "1"]

1. e4 c5 2. Nf3 e6 3. d4 cxd4 4. Nxd4 Nf6 5. Nc3 d6 6. g4 h6 7. Rg1 g5 8. Be3 a6 9. Bg2 Nbd7 10. Qe2 Ne5 11. h3 b5 12. a3 Bb7 13. f4 gxf4 14. Bxf4 Nfd7 15. 0-0-0 Rc8 16. Nf3 Qb6 17. Nxe5 Nxe5 18. Be3 Qa5 19. Bd4 b4 20. axb4 Qxb4 21. h4 Bg7 22. Nb1 Rc7 23. g5 hxg5 24. hxg5 Bc6 25. Qxa6 Bb5 26. Qa3 Qxa3 27. Nxa3 Be2 28. Bxe5 Bxe5 29. Rde1 Ba6 30. Bf1 Bb7 31. Bd3 Bf4+ 32. Kb1 Rg8 33. Rg4 Bxg5 34. Nb5 Rd7 35. Reg1 f6 36. Nd4 Re7 37. Bc4 Kd7 38. Rd1 Rd8 39. Nb5 Kc6 40. Nd4+ Kd7 41. Nb5 Kc6 42. Nd4+ Kd7 43. Nb5 1/2-1/2

[Event "ROM-ch"]
[Site "Olanesti"]
[Date "2019.03.07"]
[Round "6"]
[White "Albu, George"]
[Black "Kutnik, Alexandru"]
[Result "0-1"]
[WhiteElo "2011"]
[BlackElo "2044"]
[PlyCount "88"]
[EventDate "2019.03.02"]
[EventType "swiss"]
[EventRounds "9"]
[EventCountry "ROU"]
[SourceTitle "CBM 189 Extra"]
[Source "ChessBase"]
[SourceDate "2019.06.03"]
[SourceVersion "1"]
[SourceVersionDate "2019.06.03"]
[SourceQuality "1"]

1. d4 Nf6 2. c4 b6 3. Nc3 Bb7 4. e3 Nc6 5. f4 e6 6. Nf3 Bb4 7. Bd3 Bxc3+ 8. bxc3 d6 9. e4 0-0 10. e5 Nd7 11. Bxh7+ Kh8 12. Bd3 g6 13. h4 Kg7 14. Be3 Rh8 15. Qe2 Ne7 16. Bf2 d5 17. cxd5 Nxd5 18. Qd2 c5 19. 0-0 Rc8 20. Ng5 cxd4 21. cxd4 Qe7 22. a3 Rc3 23. Ne4 Rxa3 24. Nd6 Rxa1 25. Rxa1 Bc6 26. Rxa7 Qd8 27. Bb5 Bxb5 28. Nxb5 Rf8 29. Nd6 b5 30. h5 gxh5 31. f5 Rh8 32. Be3 Nxe3 33. Qxe3 Rh7 34. d5 Kg8 35. fxe6 fxe6 36. dxe6 Nxe5 37. Qg3+ Ng4 38. Rxh7 Qb6+ 39. Kf1 Qd4 40. Ke2 Qb2+ 41. Kf3 Qa3+ 42. Ke4 Qxg3 43. Rg7+ Kh8 44. e7 Nf6+ 0-1

[Event "ROM-ch"]
[Site "Olanesti"]
[Date "2019.03.04"]
[Round "3"]
[White "Kutnik, Alexandru"]
[Black "Ciorgovean, Iustin"]
[Result "0-1"]
[WhiteElo "2044"]
[BlackElo "2276"]
[PlyCount "110"]
[EventDate "2019.03.02"]
[EventType "swiss"]
[EventRounds "9"]
[EventCountry "ROU"]
[SourceTitle "CBM 189 Extra"]
[Source "ChessBase"]
[SourceDate "2019.06.03"]
[SourceVersion "1"]
[SourceVersionDate "2019.06.03"]
[SourceQuality "1"]

1. d4 Nf6 2. Bg5 e6 3. e4 h6 4. Bxf6 Qxf6 5. Nc3 Bb4 6. Qd3 0-0 7. Nge2 d5 8. e5 Qd8 9. f4 c5 10. a3 Bxc3+ 11. Qxc3 cxd4 12. Nxd4 f6 13. Nf3 fxe5 14. fxe5 Nc6 15. Bb5 Qb6 16. Bxc6 bxc6 17. b4 a5 18. Rb1 Rf4 19. Qc5 Qxc5 20. bxc5 Rc4 21. Kd2 Rxc5 22. Rb6 Kf7 23. Rf1 Kg6 24. Nd4 Bd7 25. Rb7 Rc4 26. c3 Rd8 27. Rb6 a4 28. Rf3 Re8 29. Rb4 c5 30. Rxc4 dxc4 31. Rg3+ Kf7 32. Nc2 Bc6 33. Ne3 Bd5 34. Rg4 Rb8 35. Nxc4 Bxc4 36. Rxc4 Rb2+ 37. Kd3 Rxg2 38. h4 Rg3+ 39. Kd2 Kg6 40. Rxa4 Kf5 41. Ra5 Rg4 42. h5 Rh4 43. Rxc5 Rxh5 44. a4 g5 45. a5 g4 46. a6 Rh2+ 47. Ke3 Ra2 48. Rc6 h5 49. Rc8 Rxa6 50. c4 h4 51. Rh8 Ra3+ 52. Kd4 g3 53. c5 g2 54. Rf8+ Kg4 55. Ke4 Kh3 0-1

[Event "ROM-ch"]
[Site "Olanesti"]
[Date "2019.03.02"]
[Round "1"]
[White "Kutnik, Alexandru"]
[Black "Georgescu, Tiberiu Marian"]
[Result "0-1"]
[WhiteElo "2044"]
[BlackElo "2501"]
[PlyCount "150"]
[EventDate "2019.03.02"]
[EventType "swiss"]
[EventRounds "9"]
[EventCountry "ROU"]
[SourceTitle "CBM 189 Extra"]
[Source "ChessBase"]
[SourceDate "2019.06.03"]
[SourceVersion "1"]
[SourceVersionDate "2019.06.03"]
[SourceQuality "1"]

1. d4 d5 2. Nf3 Nf6 3. e3 c5 4. Bd3 Nc6 5. 0-0 Bg4 6. dxc5 e5 7. Be2 Bxc5 8. Nbd2 0-0 9. c3 Qe7 10. b4 Bd6 11. Bb2 e4 12. Nd4 Qe5 13. g3 Qh5 14. h4 Nxd4 15. Bxg4 Nxg4 16. cxd4 Bxb4 17. Nb1 Qf5 18. Ba3 Bxa3 19. Nxa3 a6 20. Qe2 Rfc8 21. Rac1 Nf6 22. Kg2 b5 23. Nb1 Nd7 24. Nd2 Qe6 25. Nb3 Qd6 26. f3 Rxc1 27. Rxc1 exf3+ 28. Qxf3 Nf6 29. Qf4 Qa3 30. Rc2 Re8 31. Nc5 h6 32. Re2 a5 33. g4 Ne4 34. Nxe4 Rxe4 35. Qb8+ Kh7 36. Qxb5 Rxg4+ 37. Kh3 Rxd4 38. Qd7 Re4 39. Kg2 Qe7 40. Qxd5 Rg4+ 41. Kf1 Rxh4 42. Rf2 Qe4 43. Qxf7 Rh1+ 44. Ke2 Rb1 45. Qf5+ Qxf5 46. Rxf5 Rb2+ 47. Kf3 Rxa2 48. e4 a4 49. e5 Ra1 50. Kf2 Rb1 51. e6 Rb8 52. Ra5 Re8 53. Ra6 a3 54. Kf3 a2 55. Kf4 Rxe6 56. Rxa2 Rb6 57. Ra7 Kg6 58. Ra4 Rf6+ 59. Kg4 h5+ 60. Kg3 Kg5 61. Rb4 g6 62. Ra4 Rf5 63. Rb4 Rd5 64. Rb3 h4+ 65. Kh3 Kh5 66. Ra3 g5 67. Ra2 g4+ 68. Kh2 Kg5 69. Rb2 h3 70. Ra2 Rd4 71. Kg3 Rd3+ 72. Kh2 Kh4 73. Ra4 Rd2+ 74. Kg1 Re2 75. Ra3 Re1+ 0-1

[Event "Arad op 11th"]
[Site "Arad"]
[Date "2018.08.12"]
[Round "9"]
[White "Peptan, Corina Isabela"]
[Black "Kutnik, Alexandru"]
[Result "1-0"]
[WhiteElo "2380"]
[BlackElo "1986"]
[PlyCount "89"]
[EventDate "2018.08.05"]
[EventType "swiss"]
[EventRounds "9"]
[EventCountry "ROU"]
[SourceTitle "CBM 185 Extra"]
[Source "ChessBase"]
[SourceDate "2018.07.29"]
[SourceVersion "1"]
[SourceVersionDate "2018.07.29"]
[SourceQuality "1"]

1. d4 c5 2. d5 e6 3. Nc3 d6 4. e4 a6 5. a4 Nf6 6. Nf3 exd5 7. exd5 Bg4 8. Be2 Bxf3 9. Bxf3 Be7 10. 0-0 0-0 11. Bf4 Ne8 12. Ne4 Nd7 13. a5 Ne5 14. Bxe5 dxe5 15. d6 Bxd6 16. Qd5 Qe7 17. Rfe1 Rd8 18. Nxd6 Rxd6 19. Rxe5 Rxd5 20. Rxe7 Rd2 21. Rxb7 Rxc2 22. Rd1 Nf6 23. h3 h6 24. Bc6 c4 25. Rb6 Rc8 26. Ba4 Re2 27. Kf1 Re6 28. Rxe6 fxe6 29. Rd6 Rb8 30. Rb6 Rd8 31. Rxa6 Rd5 32. Ra8+ Kf7 33. a6 Ra5 34. Bc6 Nd5 35. Bb7 Ra2 36. Rc8 Nf4 37. Kg1 Ra1+ 38. Kh2 Ra4 39. Rc7+ Kf6 40. Bc8 Nd5 41. Rc6 Ne7 42. Rxe6+ Kf7 43. Bd7 Ra5 44. Rb6 Ra1 45. Be6+ 1-0

[Event "Arad op 9th"]
[Site "Arad"]
[Date "2016.08.11"]
[Round "8"]
[White "Kutnik, Alexandru"]
[Black "Bargan, Sergei"]
[Result "0-1"]
[WhiteElo "2127"]
[BlackElo "2298"]
[PlyCount "56"]
[EventDate "2016.08.06"]
[EventType "swiss"]
[EventRounds "9"]
[EventCountry "ROU"]
[SourceTitle "CBM 173 Extra"]
[Source "ChessBase"]
[SourceDate "2016.08.29"]
[SourceVersion "1"]
[SourceVersionDate "2016.08.29"]
[SourceQuality "1"]

1. d4 Nf6 2. Bg5 c5 3. Bxf6 gxf6 4. d5 f5 5. c4 b5 6. e3 d6 7. Nf3 Bg7 8. Qc2 Qa5+ 9. Nfd2 Nd7 10. Nc3 bxc4 11. Nxc4 Qb4 12. a3 Qb7 13. Rb1 0-0 14. Be2 Rb8 15. Rd1 Ne5 16. Nxe5 Bxe5 17. Rd2 Qxb2 18. Qxb2 Rxb2 19. Rxb2 Bxc3+ 20. Rd2 Bd7 21. Bf3 Rb8 22. Ke2 Bb5+ 23. Kd1 Ba4+ 24. Kc1 Bxd2+ 25. Kxd2 Rb2+ 26. Kc3 Rb3+ 27. Kc4 Rxa3 28. Rb1 a6 0-1

[Event "Eforie Nord Seacoast op 26th"]
[Site "Eforie Nord"]
[Date "2016.06.30"]
[Round "4"]
[White "Sanduleac, Vasile"]
[Black "Kutnik, Alexandru"]
[Result "1-0"]
[WhiteElo "2405"]
[BlackElo "2104"]
[PlyCount "35"]
[EventDate "2016.06.27"]
[EventType "swiss"]
[EventRounds "10"]
[EventCountry "ROU"]
[SourceTitle "EXT 2017"]
[Source "ChessBase"]
[SourceDate "2016.10.25"]
[SourceVersion "1"]
[SourceVersionDate "2016.10.25"]
[SourceQuality "1"]

1. e4 g6 2. d4 Bg7 3. Nc3 d6 4. g3 e5 5. dxe5 dxe5 6. Qxd8+ Kxd8 7. Bh3 Bxh3 8. Nxh3 c6 9. Be3 Kc7 10. Ng5 Nh6 11. 0-0-0 Ng4 12. Nxf7 Nxe3 13. fxe3 Re8 14. Rhf1 Nd7 15. Ng5 Re7 16. Ne6+ Kb6 17. Rd6 Bh6 18. Nd5+ 1-0

[Event "ROM-ch"]
[Site "Olanesti"]
[Date "2016.04.09"]
[Round "8"]
[White "Miroi, Robert Andrei"]
[Black "Kutnik, Alexandru"]
[Result "0-1"]
[WhiteElo "1985"]
[BlackElo "2101"]
[PlyCount "127"]
[EventDate "2016.04.02"]
[EventType "swiss"]
[EventRounds "9"]
[EventCountry "ROU"]
[SourceTitle "CBM 171 Extra"]
[Source "ChessBase"]
[SourceDate "2016.04.26"]
[SourceVersion "1"]
[SourceVersionDate "2016.04.26"]
[SourceQuality "1"]

1. e4 c5 2. Nc3 Nc6 3. f4 g6 4. Nf3 Bg7 5. Bb5 d6 6. 0-0 a6 7. Bxc6+ bxc6 8. d3 Rb8 9. Qe1 Qa5 10. Bd2 Qc7 11. Rb1 e6 12. f5 Ne7 13. Nh4 Bd4+ 14. Kh1 gxf5 15. exf5 Bxc3 16. Bxc3 e5 17. Qe2 h5 18. Nf3 f6 19. Nh4 Kf7 20. Rf3 Bd7 21. Rbf1 Rbg8 22. Rh3 Rh7 23. Ng6 Nxg6 24. fxg6+ Rxg6 25. Rxh5 Rhg7 26. Qf2 Qd8 27. g3 Be6 28. Bd2 Bd5+ 29. Kg1 Qg8 30. Be1 Ke7 31. b4 cxb4 32. Qa7+ Ke6 33. Qf2 c5 34. Rf5 Qf7 35. d4 cxd4 36. Bxb4 Be4 37. Rh5 Qg8 38. Be1 f5 39. Rh3 f4 40. Qe2 Bf5 41. Rh4 fxg3 42. Bxg3 Rc7 43. Qf3 Bxc2 44. Re1 Rc3 45. Qf2 Rgxg3+ 46. hxg3 Qxg3+ 47. Qxg3 Rxg3+ 48. Kf2 Rd3 49. Rc1 Rc3 50. Ke1 Rc5 51. Kd2 Ba4 52. Rxc5 dxc5 53. Rh6+ Kd5 54. Rxa6 Bb5 55. Rb6 Bc6 56. Rb8 e4 57. Rd8+ Kc4 58. Rd6 e3+ 59. Ke2 Bb5 60. Rd8 Kc3+ 61. Kd1 d3 62. Rd5 Ba4+ 63. Ke1 c4 64. a3 0-1

[Event "ROM-ch"]
[Site "Olanesti"]
[Date "2016.04.08"]
[Round "7"]
[White "Kutnik, Alexandru"]
[Black "Rusan, Paul Cristian"]
[Result "0-1"]
[WhiteElo "2101"]
[BlackElo "2204"]
[PlyCount "76"]
[EventDate "2016.04.02"]
[EventType "swiss"]
[EventRounds "9"]
[EventCountry "ROU"]
[SourceTitle "CBM 171 Extra"]
[Source "ChessBase"]
[SourceDate "2016.04.26"]
[SourceVersion "1"]
[SourceVersionDate "2016.04.26"]
[SourceQuality "1"]

1. d4 f5 2. Nc3 Nf6 3. Bg5 d5 4. g3 e6 5. Nf3 Be7 6. Ne5 0-0 7. e3 Nbd7 8. f4 c5 9. Be2 cxd4 10. exd4 Nxe5 11. dxe5 Ne4 12. Nxe4 fxe4 13. Bxe7 Qxe7 14. Qd2 Bd7 15. c3 Rac8 16. Qd4 Qc5 17. Qxc5 Rxc5 18. Kd2 Rfc8 19. a3 a5 20. a4 h6 21. h4 d4 22. Rhc1 g5 23. cxd4 e3+ 24. Kxe3 Rxc1 25. Rxc1 Rxc1 26. hxg5 hxg5 27. f5 exf5 28. d5 Kf7 29. g4 f4+ 30. Kd2 Rc5 31. e6+ Bxe6 32. dxe6+ Kxe6 33. Bf3 b6 34. Kd3 Ke5 35. b3 Rc1 36. Be2 Re1 37. Kd2 Rxe2+ 38. Kxe2 Ke4 0-1

[Event "ROM-ch"]
[Site "Olanesti"]
[Date "2016.04.07"]
[Round "6"]
[White "Chima, Radu Niculin"]
[Black "Kutnik, Alexandru"]
[Result "1/2-1/2"]
[WhiteElo "2140"]
[BlackElo "2101"]
[PlyCount "142"]
[EventDate "2016.04.02"]
[EventType "swiss"]
[EventRounds "9"]
[EventCountry "ROU"]
[SourceTitle "CBM 171 Extra"]
[Source "ChessBase"]
[SourceDate "2016.04.26"]
[SourceVersion "1"]
[SourceVersionDate "2016.04.26"]
[SourceQuality "1"]

1. c4 g6 2. d4 Bg7 3. Nc3 c5 4. e3 b6 5. Nf3 Nf6 6. Be2 0-0 7. 0-0 d6 8. b3 Na6 9. Bb2 Nc7 10. Qc2 cxd4 11. Nxd4 Bb7 12. Rfd1 a6 13. Bf3 Bxf3 14. Nxf3 Qb8 15. Ne2 Rc8 16. Ned4 Qb7 17. Qe2 b5 18. Nd2 bxc4 19. Nxc4 a5 20. a4 Ne4 21. Rab1 Nd5 22. Nb5 Ndc3 23. Bxc3 Nxc3 24. Nxc3 Bxc3 25. Qd3 Bg7 26. Qd5 Qb4 27. h3 Ra7 28. e4 Rc5 29. Qd3 Rd7 30. Ne3 Rc3 31. Qa6 Qxe4 32. Nd5 Rd8 33. Nxc3 Bxc3 34. Rbc1 Bb4 35. Rc8 Rxc8 36. Qxc8+ Kg7 37. Qc4 Qxc4 38. bxc4 e5 39. Kf1 Kf6 40. Ke2 Ke6 41. g4 h6 42. Rd5 Bc5 43. f3 Kf6 44. Rd3 Ke6 45. Rb3 Bb4 46. Rd3 Bc5 47. h4 f5 48. h5 gxh5 49. gxh5 Kf6 50. Rb3 Kg5 51. Rb5 Bb4 52. Rb8 Kxh5 53. Rg8 Kh4 54. Rg7 Ba3 55. Kf1 Bc5 56. Kg2 Bb4 57. Rg6 Kh5 58. Rg8 Kh4 59. Rg3 Bc5 60. Rg6 Kh5 61. Rg8 Kh4 62. Rg7 Bb4 63. Rg6 Kh5 64. Rg7 Kh4 65. Kh2 Bc5 66. Kg2 Bb4 67. Kf1 Bc5 68. Ke2 Bb4 69. Kd3 Bc5 70. Rg6 Kh5 71. Rg8 Kh4 1/2-1/2

[Event "ROM-ch"]
[Site "Olanesti"]
[Date "2016.04.02"]
[Round "1"]
[White "Kutnik, Alexandru"]
[Black "Tomici, Stefan"]
[Result "1-0"]
[WhiteElo "2101"]
[BlackElo "2359"]
[PlyCount "51"]
[EventDate "2016.04.02"]
[EventType "swiss"]
[EventRounds "9"]
[EventCountry "ROU"]
[SourceTitle "CBM 171 Extra"]
[Source "ChessBase"]
[SourceDate "2016.04.26"]
[SourceVersion "1"]
[SourceVersionDate "2016.04.26"]
[SourceQuality "1"]

1. d4 Nf6 2. Nf3 e6 3. Bg5 h6 4. Bxf6 Qxf6 5. e4 d6 6. e5 Qd8 7. Nc3 a6 8. Bd3 c5 9. dxc5 dxc5 10. Qe2 Nc6 11. 0-0-0 Qc7 12. Be4 Bd7 13. Bxc6 Bxc6 14. Ne4 Bxe4 15. Qxe4 Be7 16. h4 0-0 17. g4 f5 18. gxf5 Rxf5 19. Rde1 Raf8 20. Nd2 b5 21. Rhg1 Bd8 22. Rg6 Qf7 23. Reg1 Bg5 24. hxg5 Qxg6 25. f4 R5f6 26. exf6 1-0

[Event "Arad op 8th"]
[Site "Arad"]
[Date "2015.08.09"]
[Round "6"]
[White "Enchev, Ivajlo"]
[Black "Kutnik, Alexandru"]
[Result "1-0"]
[WhiteElo "2420"]
[BlackElo "2106"]
[PlyCount "75"]
[EventDate "2015.08.06"]
[EventType "swiss"]
[EventRounds "9"]
[EventCountry "ROU"]
[SourceTitle "CBM 167 Extra"]
[Source "ChessBase"]
[SourceDate "2015.09.14"]
[SourceVersion "1"]
[SourceVersionDate "2015.09.14"]
[SourceQuality "1"]

1. d4 c5 2. d5 e6 3. c4 exd5 4. cxd5 d6 5. Nc3 Nf6 6. Nf3 Be7 7. Bf4 0-0 8. h3 Na6 9. e4 Nc7 10. Bd3 Re8 11. 0-0 a6 12. Re1 Nd7 13. Qd2 f6 14. Nh2 Ne5 15. Be2 b5 16. Bg3 Bf8 17. b3 g6 18. f4 Nf7 19. Bd3 Bg7 20. Nf3 Bd7 21. Rac1 b4 22. Nd1 a5 23. Nf2 a4 24. Bc4 axb3 25. axb3 Nb5 26. e5 fxe5 27. fxe5 dxe5 28. d6 Nd4 29. Nxe5 Be6 30. Nxf7 Kxf7 31. Bxe6+ Nxe6 32. Qd5 c4 33. Rxc4 Ra5 34. Qb7+ Kg8 35. Rxe6 Ra1+ 36. Kh2 Bf8 37. Rxe8 Qxe8 38. Qd5+ 1-0

[Event "Arad op 8th"]
[Site "Arad"]
[Date "2015.08.06"]
[Round "1"]
[White "Kutnik, Alexandru"]
[Black "Bajarani, Ulvi"]
[Result "1-0"]
[WhiteElo "2106"]
[BlackElo "2522"]
[PlyCount "93"]
[EventDate "2015.08.06"]
[EventType "swiss"]
[EventRounds "9"]
[EventCountry "ROU"]
[SourceTitle "CBM 167 Extra"]
[Source "ChessBase"]
[SourceDate "2015.09.14"]
[SourceVersion "1"]
[SourceVersionDate "2015.09.14"]
[SourceQuality "1"]

1. d4 f5 2. Nc3 d5 3. Nf3 Nf6 4. Bf4 a6 5. e3 e6 6. Ne5 Nbd7 7. h3 Nxe5 8. Bxe5 g6 9. Be2 Bg7 10. g4 0-0 11. f4 Ne4 12. Nxe4 Bxe5 13. dxe5 dxe4 14. Qxd8 Rxd8 15. a4 a5 16. Bc4 Kf7 17. gxf5 gxf5 18. Rg1 h6 19. Be2 Bd7 20. Bh5+ Kf8 21. Rg6 Be8 22. Rf6+ Ke7 23. Bxe8 Rxe8 24. 0-0-0 Rg8 25. Rxh6 Rh8 26. Rxh8 Rxh8 27. Rh1 Rh4 28. Kd2 c6 29. Kc3 Kd7 30. Kc4 Kc7 31. c3 b6 32. b4 axb4 33. cxb4 Kb7 34. a5 Ka6 35. Rh2 bxa5 36. bxa5 Kxa5 37. Kc5 Ka4 38. Kxc6 Kb3 39. Kd6 Rh6 40. Rd2 Kc3 41. Rd1 Kc2 42. Rd4 Kc3 43. h4 Rxh4 44. Kxe6 Rxf4 45. Kd5 Rh4 46. e6 Rh5 47. Ke5 1-0

[Event "Eforie Nord Seacoast op 25th"]
[Site "Eforie Nord"]
[Date "2015.06.29"]
[Round "7"]
[White "Kutnik, Alexandru"]
[Black "Erhan, Raluca"]
[Result "0-1"]
[WhiteElo "2119"]
[BlackElo "2017"]
[PlyCount "116"]
[EventDate "2015.06.23"]
[EventType "swiss"]
[EventRounds "10"]
[EventCountry "ROU"]
[SourceTitle "CBM 167 Extra"]
[Source "ChessBase"]
[SourceDate "2015.09.14"]
[SourceVersion "1"]
[SourceVersionDate "2015.09.14"]
[SourceQuality "1"]

1. d4 Nf6 2. Nf3 g6 3. Bf4 Bg7 4. e3 d6 5. Be2 0-0 6. 0-0 Nbd7 7. h3 Re8 8. c4 c6 9. Nc3 Qb6 10. a3 e5 11. Bh2 h6 12. b4 e4 13. Nd2 c5 14. Nb5 cxd4 15. exd4 e3 16. fxe3 Rxe3 17. Bxd6 Ne8 18. c5 Qd8 19. Nc4 Re4 20. Bf3 Nxd6 21. Ncxd6 Rf4 22. g3 Qg5 23. Kh2 Ne5 24. Bg2 Ng4+ 25. hxg4 Bxg4 26. Bf3 Qh5+ 27. Kg2 Qh3+ 28. Kf2 Rxf3+ 29. Qxf3 Bxf3 30. Kxf3 Qd7 31. Rad1 Bf8 32. Kg2 f5 33. d5 a6 34. Nd4 Bxd6 35. cxd6 Qxd6 36. Ne6 Rc8 37. Rd2 Rc3 38. Rf3 Rxf3 39. Kxf3 a5 40. Rd4 axb4 41. axb4 b6 42. Nf4 g5 43. Ne2 Kf7 44. Nc3 g4+ 45. Kf2 h5 46. Nb5 Qd7 47. d6 Ke8 48. Rd5 Qc6 49. Rd4 Qd7 50. Rd5 Qc6 51. Re5+ Kf7 52. Rd5 Ke8 53. Re5+ Kd8 54. Ke3 Qf3+ 55. Kd4 Qd1+ 56. Kc4 Qc2+ 57. Kd5 Qb3+ 58. Kc6 Qxb4 0-1